Geografia Azji na literę E - Statystyki

Ogólne statystyki
  • Ten quiz został rozwiązany 77 razy
  • Średni wynik to 8 z 17
Statystyki odpowiedzi
Wskazówka Odpowiedź % Poprawnych
Najwyższa góra świata Mount {Everest}
100%
Jedna z dwóch najważniejszych rzek Mezopotamii, obok Tygrysu Eufrat
99%
Tytuł władcy Dubaju Emir
93%
Stolica Armenii Erywań
92%
Państwo, które kontroluje Półwysep Synaj Egipt
90%
Morze pomiędzy Grecją a Turcją Morze {Egejskie}
87%
Najwyższa góra Rosji. Kwestią sporną jest to, czy góra ta leży w Europie czy w Azji Elbrus
68%
Waluta Cypru Euro
65%
Dawna nazwa Tokio Edo
41%
W starożytności jedno z 12 miast jońskich w Azji Mniejszej. Według tradycji zmarła tam Maria z Nazaretu Efez
20%
Najważniejsza linia lotnicza Izraela El Al
11%
Drugie największe miasto Mongolii Erdenet
4%
Kompleks świątyń wykutych w skale w Indiach, w stanie Maharasztra Elura
3%
Miasto, w którym znajduje się jedyne przejście kolejowe na granicy chińsko-mongolskiej Erenhot
1%
Drugie największe miasto świata na literę E Ezhou
1%
Jedna z czterech chińskich świętych gór buddyzmu Emei Shan
0%
Łańcuch górski w środkowej części wyspy Honsiu. Jego najwyższym szczytem jest Naeba Góry {Echigo}
0%
Nie znaleziono quizów pasujących do podanych kryteriów
Rozkład punktacji
Procent ludzi z każdym wynikiem
Percentyl według liczby udzielonych odpowiedzi
Twoja historia wyników
Nie rozwiązałeś tego quizu